Statistiques concernant Meilleur buteurs de la Ligue 1.

Cliquez ici pour prendre le quiz!

Statistiques générales

  • Ce quiz a été pris 174 fois
  • Le résultat moyen est 3 sur 10

Statistiques - réponses

Nombre de butsJoueurNationalité% Correct
299Delio OnnisArgentine
52%
255Bernard LacombeFrançaise
48%
179Gunnar AnderssonSuédoise
34%
187Fleury Di NalloFrançaise
33%
179Carlos BianchiArgentine
26%
216Hervé RevelliFrançaise
23%
203Roger PiantoniFrançaise
15%
210Roger CourtoisFrançaise
12%
206Thadée CisowskiFrançaise
12%
190Joseph UjlakiFrançaise
11%

Distribution des résultats

Percentile par nombre de réponses

% des personnes avec chaque résultat

Votre développement - résultats

Vous n’avez pas pris ce quiz